书目信息 |
| 书名: | International handbook of contemporary developments in librarianship | |
| 作者: | edited by Miles M. Jackson. | |
| 分册号: | ||
| 分册名: | 出版地: | Westport, Conn. : |
|
| 出版社: | Greenwood Press | |
| 出版时间: | 1981. | |
| 页数: | xxxii, 619 p. ; | |
| 开本: | 29 cm. | |
| 丛书名: | ||
| 中图分类号: | ||
| 科图分类号: | ||
| 其他分类号: | G250:H31 | |
| 主题词: | ||
| 电子资源: | ||
| 000 | 00733pam 2200229 i 4504 | |
| 001 | E0729711196 | |
| 005 | 20070302081635.29 | |
| 008 | 030326s1981 ctu b 00100 eng | |
| 010 | @a80027306 | |
| 020 | @a0313213720 (lib. bdg.). | |
| 050 | 00 | @aZ721@b.I59 |
| 090 | @aI260.44/W2.1 | |
| 090 | @aI260.44/W2 | |
| 090 | @aG250:H31 | |
| 099 | @dG250:H31@ex2 | |
| 245 | 00 | @aInternational handbook of contemporary developments in librarianship / @cedited by Miles M. Jackson. |
| 260 | @aWestport, Conn. :@bGreenwood Press,@c1981. | |
| 300 | @axxxii, 619 p. ;@c29 cm. | |
| 504 | @aIncludes bibliographies and index. | |
| 650 | 0 | @aLibraries. |
| 650 | 0 | @aComparative librarianship. |
| 700 | 1 | @aJackson, Miles M.,@d1929- |
| International handbook of contemporary developments in librarianship / / edited by Miles M. Jackson.-Westport, Conn. : : Greenwood Press, , 1981. |
| xxxii, 619 p. ; ; 29 cm. |
| Includes bibliographies and index. |
| ISBN 0313213720 (lib. bdg.). |
| ● |
| 相关链接 |
|
|
|
|
正题名:International handbook of contemporary developments in librarianship
索取号:G250:H31/x2
 
预约/预借
| 序号 | 登录号 | 条形码 | 馆藏地/架位号 | 状态 | 备注 |
| 1 | 180647 | 001170958 | 第二样本阅览室/ [索取号:G250:H31/x2] | 在馆 | |
| 2 | 180648 | 001170734 | 第四借阅区/ [索取号:G250:H31/x2] | 在馆 | |
| 3 | 180651 | 001170949 | 第四借阅区/ [索取号:G250:H31/x2] | 在馆 |